Statistics for Global Brands Headquaters

Click here to take the quiz!

General Stats

  • This quiz has been taken 46 times
  • The average score is 7 of 18

Answer Stats

CompanyLocation% Correct
MicrosoftRedmond
88%
Coca ColaAtlanta
81%
SamsungSeoul
81%
BMWMunich
75%
RolexGeneva
56%
VodafoneLondon
50%
SpotifyStockholm
50%
GucciFlorence
38%
AirbusToulouse
31%
American AirlinesFort Worth
25%
UnileverRotterdam
25%
FostersMelbourne
19%
LegoBillund
13%
Burger KingMiami
13%
DisneyBurbank
6%
GoogleMountain View
6%
TescoWelwyn Garden City
6%
eBaySan Jose
0%

Score Distribution

Percentile by Number Answered

Percent of People with Each Score

Your Score History

You have not taken this quiz